|
|
|
|
| LEADER |
01976nam a2200529 i 4500 |
| 001 |
nkc20243638675 |
| 003 |
CZ PrNK |
| 005 |
20251010103503.0 |
| 007 |
ta |
| 008 |
241021s2024 xr a b f 000 0 cze |
| 015 |
|
|
|a cnb003638675
|
| 020 |
|
|
|a 978-80-11-05712-1
|q (brožováno)
|
| 035 |
|
|
|a (OCoLC)1544836283
|
| 040 |
|
|
|a OLA001
|b cze
|e rda
|
| 041 |
1 |
|
|a cze
|h pol
|
| 072 |
|
7 |
|a 579
|x Mikrobiologie
|2 Konspekt
|9 2
|
| 072 |
|
7 |
|a 0/9-053.2
|x Literatura pro děti a mládež (naučná)
|2 Konspekt
|9 26
|
| 080 |
|
|
|a 578/579
|2 MRF
|
| 080 |
|
|
|a 0/9
|2 MRF
|
| 080 |
|
|
|a (0.062)
|2 MRF
|
| 080 |
|
|
|a (0.053.2)
|2 MRF
|
| 100 |
1 |
|
|a Grospierre-Słomińska, Nicole
|7 ola20251270419
|4 aut
|
| 245 |
1 |
0 |
|a Supermikroby :
|b týden s týmem EM /
|c Nicole Grospierre-Słomińska ; ilustrace: Agnieszka Surma ; přeložila: Michaela Alali Beitlová
|
| 250 |
|
|
|a 1. vydání
|
| 264 |
|
1 |
|a Praha :
|b Michaela Alali Beitlová,
|c 2024
|
| 300 |
|
|
|a 22 stran :
|b barevné ilustrace ;
|c 30 cm
|
| 336 |
|
|
|a text
|b txt
|2 rdacontent
|
| 336 |
|
|
|a statický obraz
|b sti
|2 rdacontent
|
| 337 |
|
|
|a bez média
|b n
|2 rdamedia
|
| 338 |
|
|
|a svazek
|b nc
|2 rdacarrier
|
| 500 |
|
|
|a Přeloženo z polštiny
|
| 500 |
|
|
|a Pod názvem uvedeno původní nakladatelství: EMformacja
|
| 650 |
0 |
7 |
|a mikroorganismy
|7 ph115309
|2 czenas
|
| 650 |
0 |
7 |
|a všeobecnosti a zajímavosti
|7 ph116736
|2 czenas
|
| 650 |
0 |
9 |
|a microorganisms
|2 eczenas
|
| 650 |
0 |
9 |
|a facts and features
|2 eczenas
|
| 655 |
|
7 |
|a populárně-naučné publikace
|7 fd131864
|2 czenas
|
| 655 |
|
7 |
|a publikace pro děti
|7 fd133156
|2 czenas
|
| 655 |
|
9 |
|a popular works
|2 eczenas
|
| 655 |
|
9 |
|a children's literature
|2 eczenas
|
| 700 |
1 |
|
|a Surma, Agnieszka,
|d 1978-
|7 ola20251270413
|4 ill
|
| 700 |
1 |
|
|a Alali Beitlová, Michaela,
|d 1976-
|7 js20081106008
|4 trl
|
| 910 |
2 |
|
|a BOA001
|b 4-1548.526
|
| 990 |
|
|
|a BK
|
| 995 |
|
|
|a 01
|
| 991 |
|
|
|b 202509
|c NOV
|
| 996 |
6 |
|
|b 2611011094
|c 4-1548.526
|l MZK
|r Sklad / do 1 hodiny
|n 0
|p p.v.
|w 002016333
|u 000010
|a 1
|e BOA001
|j MZK50
|s P
|